<?xml version="1.0" encoding="UTF-8"?>
<marc:record xmlns:marc="http://www.loc.gov/MARC21/slim">
   <marc:leader>00000nam a2200000 a 4500</marc:leader>
   <marc:datafield ind1="1" ind2=" " tag="100">
      <marc:subfield code="a">Haller, Reinhard</marc:subfield>
      <marc:subfield code="4">aut</marc:subfield>
      <marc:subfield code="e">Verfasser/-in</marc:subfield>
   </marc:datafield>
   <marc:datafield ind1=" " ind2=" " tag="653">
      <marc:subfield code="a">Psychologie</marc:subfield>
   </marc:datafield>
   <marc:datafield ind1="0" ind2="0" tag="245">
      <marc:subfield code="a">Verrücktheiten</marc:subfield>
   </marc:datafield>
   <marc:datafield ind1="0" ind2="0" tag="245">
      <marc:subfield code="b">Warum wir verrückt sein können, ohne verrückt zu werden.</marc:subfield>
   </marc:datafield>
   <marc:datafield ind1=" " ind2="1" tag="264">
      <marc:subfield code="b">Edition Kleine Zeitung</marc:subfield>
      <marc:subfield code="c">2023</marc:subfield>
   </marc:datafield>
   <marc:datafield ind1="1" ind2=" " tag="520">
      <marc:subfield code="a">Der prominente Psychiater und Gutachter Reinhard Haller unternimmt in diesem Buch eine humorvolle Reise zu einigen Verrücktheiten unseres Lebens, die neue Erfahrungswelten öffnen. Was zeichnet genial Verrückte aus? Dass sie vielfältig verrückt und verrückt vielfältig sind? Mit Witz und Sachwissen erklärt er, warum wir die Aufforderung von Elon Musk an Putin, mit ihm "Mann gegen Mann" um die Ukraine zu kämpfen, reflexhaft als verrückt abtun. Und uns in dieser Diagnose bestätigt fühlen, wenn Musk sagt: "Dachtet ihr wirklich, ich wäre ein gechillter, normaler Kerl?"
Wie viele aber sind nicht verrückt, aber entrückt, was sie wie Wladimir Putin verrückt gefährlich macht? Es gibt, schreibt Haller, der Gutachter in den Fällen des Sexualmörders Jack Unterweger und des Briefbombenattentäters Franz Fuchs gewesen ist, kaum etwas Verrückteres, als über das Verrückte nachzudenken.
Sein Rat an seine Leserinnen und Leser: Trauen Sie sich, verrückt zu sein, aber lassen Sie sich auch in unserer schwierigen Zeit nicht verrückt machen.</marc:subfield>
   </marc:datafield>
   <marc:datafield ind1=" " ind2=" " tag="020">
      <marc:subfield code="a">9783903323193</marc:subfield>
      <marc:subfield code="9">9783903323193</marc:subfield>
   </marc:datafield>
</marc:record>
